00361pab a2200133 454500008004000000100001700040245006800057260000900125300001500134362000800149650002200157700001900179773002900198180718b2010 xxu||||| |||| 00| 0 eng d aKjaer, Ulrik aLocal party system nationalisation: Does municipal size matter? c2010 ap.425-444. aJun aPolitical parties aElklit, Jorgen aLocal Government Studies